JEJ KLADY A NEDOSTATKY

Bibliographic Details
Main Author: avel (Author)
Format: Article
Language:Slovak

MARC

LEADER 00000nab a2200000ua 4500
001 vtls010798676
003 SK-MaSNL
005 20260303120326.0
008 230131s1969 xo |||||||||||||||||slo|
035 |a (urnnbn)urn:nbn:sk:snk:ar-a002df 
035 |a (uuid)9a0539cc-b28b-48d3-82fb-2037b8c2c70f 
035 |a urn:nbn:sk:snk-ab4zhs 
040 |a SNKBUCL  |b slo  |c SNKBUCL  |e AACR2 
041 0 |a slo 
044 |a xo  |c SK 
100 1 |a avel  |4 aut  |9 1132823 
245 1 0 |a JEJ KLADY A NEDOSTATKY  |c Avel 
773 0 |t Včelár : odborný časopis Povereníctva poľnohospodárstva a lesného hospodárstva a Ústredia včelárskych združení na Slovensku  |g Roč. 43, č. 1 (1969), s. 7 
954 |a odborná, vedecká literatúra pôvodná (slovenská)  |2 lita 
958 |a OND 
958 |a EUIPO 
958 |a article3 
999 |c 1908882  |d 1910812